000 03024cam a22005774i 4500
003 PE-LiUPU
005 20250731173149.0
008 150623s r 000 0 d
020 _a0801022282
035 _a(Sirsi) i9780801022289
040 _aPE-LiUPU
_bspa
_cPE-LiUPU
_erda
049 _aPRUA
082 0 4 _a266.00901
_bK17
_221
100 1 _aKaiser, Walter C.,
_eautor.
245 1 0 _aMission in the Old Testament :
_bIsrael as a light to the nations /
_cWalter C. Kaiser.
264 1 _aGrand Rapids, Michigan :
_bBaker Books,
_c2002.
300 _a99 páginas ;
_c22 centímetros
336 _atext
_2rdacontent
337 _aunmediated
_2rdamedia
338 _avolume
_2rdacarrier
504 _aBibliografía: p. 87-92.
505 0 _aGod's plan for missions in the Old Testament. God's purpose for missions in the Old Testament. God's use of individuals to reach gentiles in the Old Testament. God's call to Israel to be a light to the nations. God's persuasión of Jonah to be his witness with other prophets from Israel. God's call to the missionary Paul based on the Old Testament.
526 _aSEG42
526 _aSEG41
526 _aSEG40
526 _aSEG39
526 _aP94
526 _aP87
526 _aP86
526 _aP85
526 _aP77
526 _aP76
526 _aP35
541 _g1057695742-4939426;
541 _g01961-7000;
630 _aBiblia.
_pA.T.
_xCrítica, interpretación, etc.
650 0 4 _aMisiones
_xEnseñanza bíblica.
942 _2ddc
_cBOOK
949 _a266.009 01 K17
_wDEWEY
_c2
_i53403
_lCCODEBUL1
_mBUL
_p10.00
_r0
_sY
_tBOOK
_u2015-6-24
_xTEOLOGIA
_PP35
_0COMPRA
_o.STAFF. Colección General
949 _a266.00901 K17
_wDEWEY
_c1
_i59402
_lCCODEBUL1
_mBUL
_p11.00
_r0
_sY
_tBOOK
_u2015-6-24
_xTEOLOGIA
_PP35
_0COMPRA
_o.STAFF. Colección General
949 _a266.00901 K17
_wDEWEY
_c3
_i57458
_lCCODEBUL1
_mBUL
_p18.00
_r0
_sY
_tBOOK
_u2015-6-24
_xTEOLOGIA
_PP35
_0COMPRA
_o.STAFF. Colección General
949 _a266.00901 K17
_wDEWEY
_c4
_i58805
_lCCODEBUL1
_mBUL
_p9.00
_r0
_sY
_tBOOK
_u2015-6-24
_xTEOLOGIA
_PP35
_0COMPRA
_o.STAFF. Colección General
994 _aC0
_bPEPRU
596 _a1
999 _a266.00901 K17
_wDEWEY
_c35373
_i59402
_f2021-11-10
_g5
_lCCODEBUL1
_mBUL
_p11.00
_q1
_r0
_sY
_tBOOK
_u2015-6-24
_xTEOLOGIA
_PP35
_0COMPRA
_o.STAFF. Colección General
_d35373
999 _a266.00901 K17
_wDEWEY
_c3
_i57458
_f2021-11-10
_g5
_lCCODEBUL1
_mBUL
_p18.00
_q1
_r0
_sY
_tBOOK
_u2015-6-24
_xTEOLOGIA
_PP35
_0COMPRA
_o.STAFF. Colección General
999 _a266.00901 K17
_wDEWEY
_c4
_i58805
_f2021-11-10
_g5
_lCCODEBUL1
_mBUL
_p9.00
_q1
_r0
_sY
_tBOOK
_u2015-6-24
_xTEOLOGIA
_PP35
_0COMPRA
_o.STAFF. Colección General
999 _a266.009 01 K17
_wDEWEY
_c2
_i53403
_f2021-11-10
_g5
_lCCODEBUL1
_mBUL
_p10.00
_q1
_r0
_sY
_tBOOK
_u2015-6-24
_xTEOLOGIA
_PP35
_0COMPRA
_o.STAFF. Colección General
980 _81
_gALBERTO SANCHEZ Responsable de Automatización